Fabio Herrera (Record no. 900)

MARC details
000 -LEADER
campo de control de longitud fija 00800nam a22001697a 4500
008 - DATOS DE LONGITUD FIJA--INFORMACIÓN GENERAL
campo de control de longitud fija 160511b xxu||||| |||| 00| 0 eng d
082 ## - NÚMERO DE LA CLASIFICACIÓN DECIMAL DEWEY
Número de clasificación 759.972.86
Número de ítem H565fq
100 ## - ENTRADA PRINCIPAL--NOMBRE DE PERSONA
Nombre de persona Fabio Herrera; Efraím Hernández
9 (RLIN) 4946
110 ## - ENTRADA PRINCIPAL--NOMBRE DE ENTIDAD CORPORATIVA
Nombre de entidad corporativa o nombre de jurisdicción como elemento de entrada Museo de Arte Costarricense.
9 (RLIN) 4947
245 ## - MENCIÓN DEL TÍTULO
Título Fabio Herrera
Resto del título gesto, signo, materia : Museo de Arte Costarricense, 7 marzo-5 mayo, San José, Costa Rica, 1996.
Mención de responsabilidad, etc. Fabio Herrera; Efraím Hernández
260 ## - PUBLICACIÓN, DISTRIBUCIÓN, ETC.
Lugar de publicación, distribución, etc. San José, Costa Rica
Nombre del editor, distribuidor, etc. Museo de Arte Costarricense
Fecha de publicación, distribución, etc. 1996.
300 ## - DESCRIPCIÓN FÍSICA
Extensión 59 pag
Otras características físicas Col; Ill
Dimensiones 22 cm
610 ## - PUNTO DE ACCESO ADICIONAL DE MATERIA--NOMBRE DE ENTIDAD CORPORATIVA
Nombre de entidad corporativa o nombre de jurisdicción como elemento de entrada Museo de Arte Costarricense
9 (RLIN) 4948
650 ## - PUNTO DE ACCESO ADICIONAL DE MATERIA--TÉRMINO DE MATERIA
Término de materia o nombre geográfico como elemento de entrada Herrera Martinez , Fabio; Hernandez, Efraín
Subdivisión de forma Pintura Costarricense
Subdivisión general Exposiciones
Subdivisión cronológica Siglo XX
9 (RLIN) 4949
700 ## - ENTRADA AGREGADA--NOMBRE PERSONAL
Nombre de persona Fabio Herrera; Efraím Hernández
9 (RLIN) 4950
710 ## - ENTRADA AGREGADA--NOMBRE DE ENTIDAD CORPORATIVA
Nombre de entidad corporativa o nombre de jurisdicción como elemento de entrada Museo de Arte Costarricense
9 (RLIN) 4951
Holdings
Estatus retirado Estado de pérdida Fuente del sistema de clasificación o colocación Estado de daño No para préstamo Biblioteca de origen Biblioteca actual Ubicación en estantería Fecha de adquisición Total de préstamos Signatura topográfica completa Código de barras Visto por última vez Precio de reemplazo Tipo de ítem Koha
    Clasificación Decimal Dewey     Biblioteca LadoV Biblioteca LadoV   11/05/2016   759.972.86 H565fq 000827 11/05/2016 11/05/2016 Material 01